00636nac a22001811u 4500020001500000082001600015090001500031100003400046245006400080250001200144260004300156300003000199500002000229650002900249942001800278999001500296952014300311 a8121920140 a658.3bK454 c1123d1123 aKhanka, S.S  aOrganisational behaviour :btext and cases /cS. S. Khanka. a2nd ed. aNew Delhi :bS Chand & Co.,2005c2005. a377 p.:bDiagram,c24 cm. aIncludes index. aOrganizational behavior. cBBk658.3K454 c1123d1123 00102ddc40708 aMAINbMAINc1STd2006-08-22epurchaseg83.00l8m21o658.3 KHAp000003371r2025-07-15 00:00:00s2019-03-12v103.75yBB